[Event "Godesberg 2 - Halver- Schalksmühle"]
[Site "?"]
[Date "2023.11.12"]
[Round "3.2"]
[White "Luebsen, Keno"]
[Black "Jansen, Dirk Norbert"]
[Result "1/2-1/2"]
[WhiteElo "2088"]
[BlackElo "2037"]
[PlyCount "62"]
[EventDate "2023.??.??"]
[SourceVersionDate "2020.03.16"]

1. d4 d6 2. Nf3 f5 3. Nc3 Nf6 4. Bg5 Nbd7 5. d5 c5 6. e3 Qb6 7. Bc4 g6 8. O-O Bg7 9. Rb1 a6 10. a4 Qb4 11. Qe2 b5 12. axb5 Nb6 13. Nd2 Nxc4 14. Qxc4 O-O 15. Rfd1 axb5 16. Qxb4 cxb4 17. Bxf6 Bxf6 18. Nxb5 Bd7 19. Nd4 Bxd4 20. exd4 Rfc8 21. Rdc1 Ra5 22. c4 bxc3 23. bxc3 Rxd5 24. Rb7 Rxd4 25. Rxd7 Rxd2 26. Rxe7 Rxc3 27. Rb1 Rb2 28. Ra1 Rcb3 29. Kf1 Rb1+ 30. Rxb1 Rxb1+ 31. Ke2 Rb6 1/2-1/2

[Event "Godesberg 2 - Halver- Schalksmühle"]
[Site "?"]
[Date "2023.11.12"]
[Round "3.3"]
[White "Lutze, Max"]
[Black "Iannello, Andrea"]
[Result "1-0"]
[WhiteElo "2076"]
[BlackElo "2078"]
[PlyCount "109"]
[EventDate "2023.??.??"]
[SourceVersionDate "2020.03.16"]

1. Nf3 Nf6 2. g3 c5 3. c4 Nc6 4. Bg2 g6 5. O-O d5 6. cxd5 Nxd5 7. d4 cxd4 8. Nxd4 Bg7 9. Nb5 e6 10. e4 Nc7 11. Qxd8+ Kxd8 12. Rd1+ Bd7 13. Nd6 Ke7 14. Nxf7 Rhf8 15. Bg5+ Kxf7 16. Rxd7+ Kg8 17. Nc3 Rf7 18. Rxf7 Kxf7 19. Rd1 Ke8 20. Bh3 Ne5 21. Kf1 h6 22. Be3 Nc6 23. Na4 Rd8 24. Rxd8+ Kxd8 25. Nc5 Ke7 26. Nxb7 Bxb2 27. Bxh6 Bd4 28. Bf4 Nb5 29. Bd2 Ne5 30. Bb4+ Kf6 31. Bc5 Bxc5 32. Nxc5 Nc3 33. f4 Nf3 34. e5+ Ke7 35. Bxe6 g5 36. Kf2 Nd4 37. Bc4 gxf4 38. gxf4 Nd1+ 39. Ke1 Ne3 40. Bd3 Ng2+ 41. Kf2 Nxf4 42. Ke3 Nxd3 43. Kxd4 Nb4 44. a4 Nc2+ 45. Ke4 a5 46. Nb7 Nb4 47. Nxa5 Na2 48. Kf5 Nc3 49. h4 Nxa4 50. h5 Nc5 51. Nc4 Ne6 52. h6 Nf8 53. Nd6 Nh7 54. Ne4 Nf8 55. Ng5 1-0

[Event "Godesberg 2 - Halver- Schalksmühle"]
[Site "?"]
[Date "2023.11.12"]
[Round "3.4"]
[White "Wecker, Martin"]
[Black "Runtemund, Rene"]
[Result "1-0"]
[WhiteElo "2074"]
[BlackElo "2012"]
[PlyCount "43"]
[EventDate "2023.??.??"]
[SourceVersionDate "2020.03.16"]

1. d4 c5 2. d5 f5 3. Nc3 Nf6 4. Nf3 g6 5. e4 fxe4 6. Ng5 Bg7 7. Be2 Na6 8. Ncxe4 Nxe4 9. Nxe4 Qa5+ 10. c3 b5 11. O-O Bb7 12. Bf3 b4 13. d6 e6 14. Bh6 O-O 15. Bxg7 Kxg7 16. cxb4 Nxb4 17. a3 Nc6 18. b4 cxb4 19. axb4 Qe5 20. Nc5 Rxf3 21. Qxf3 Rf8 22. Qxf8+ 1-0

[Event "Godesberg 2 - Halver- Schalksmühle"]
[Site "?"]
[Date "2023.11.12"]
[Round "3.5"]
[White "Luettich, Bodo"]
[Black "Mittmann, Johannes"]
[Result "0-1"]
[WhiteElo "2058"]
[BlackElo "2052"]
[PlyCount "42"]
[EventDate "2023.??.??"]
[SourceVersionDate "2020.03.16"]

1. d4 d5 2. c4 c6 3. Nc3 Nf6 4. Bg5 Qb6 5. Qb3 dxc4 6. Qxc4 Be6 7. Qd3 Na6 8. e3 Nb4 9. Qd2 Bf5 10. Rc1 Ne4 11. Nxe4 Bxe4 12. f3 Nxa2 13. Ra1 e6 14. Kf2 Bb4 15. Qd1 Bd5 16. Bd3 Bd6 17. Qb1 Nb4 18. Ne2 h6 19. Bh4 c5 20. Bg3 cxd4 21. Bxd6 dxe3+ 0-1

[Event "Godesberg 2 - Halver- Schalksmühle"]
[Site "?"]
[Date "2023.11.12"]
[Round "3.6"]
[White "Kummer, Wolfram"]
[Black "Ertelt, Pornchai"]
[Result "1-0"]
[WhiteElo "2056"]
[BlackElo "1720"]
[PlyCount "83"]
[EventDate "2023.??.??"]
[SourceVersionDate "2020.03.16"]

1. e4 c5 2. Nf3 d6 3. d4 cxd4 4. Nxd4 Nf6 5. Nc3 a6 6. Be2 e5 7. Nb3 Be6 8. Be3 Be7 9. O-O O-O 10. Bf3 Nbd7 11. g3 b5 12. Bg2 Rc8 13. h3 b4 14. Nd5 Nxd5 15. exd5 Bf5 16. Rc1 Bg5 17. Qd2 Be7 18. Qxb4 Rxc2 19. Rxc2 Bxc2 20. Na5 Qb8 21. Qxb8 Rxb8 22. Nc6 Re8 23. Rc1 Bd3 24. Nxe7+ Rxe7 25. Rc6 h6 26. Rxd6 Nf6 27. Rd8+ Kh7 28. d6 Rd7 29. Rxd7 Nxd7 30. Bd5 Kg8 31. Bc6 Bf5 32. b4 f6 33. a4 Kf7 34. Bd5+ Ke8 35. h4 Kd8 36. Bc4 Nb8 37. Bb6+ Kd7 38. Bc7 Nc6 39. b5 axb5 40. Bxb5 Be4 41. a5 Kc8 42. Ba6+ 1-0

[Event "Godesberg 2- Halver- Schalksmühle"]
[Site "?"]
[Date "2023.11.12"]
[Round "3.8"]
[White "Biedekoepper, Robert"]
[Black "Kleinschmidt, Uwe"]
[Result "1/2-1/2"]
[WhiteElo "1959"]
[BlackElo "2104"]
[PlyCount "142"]
[EventDate "2023.??.??"]
[SourceVersionDate "2020.03.16"]

1. d4 Nf6 2. c4 e5 3. dxe5 Ng4 4. Bf4 Nc6 5. Nf3 Bb4+ 6. Nbd2 Qe7 7. e3 Ngxe5 8. Nxe5 Nxe5 9. Be2 d6 10. a3 Bxd2+ 11. Qxd2 Be6 12. Qc3 Qf6 13. O-O Nd7 14. Qd2 O-O 15. Qd4 Qe7 16. Bf3 Nc5 17. Rad1 Bc8 18. Qd5 Be6 19. Qd4 Bc8 20. Bg3 Ne6 21. Qd5 Ng5 22. Be2 Ne4 23. Bf4 Kh8 24. f3 Nf6 25. Qg5 h6 26. Qh4 Nd5 27. Qxe7 Nxe7 28. e4 b6 29. Bd2 a5 30. f4 f6 31. Rfe1 Nc6 32. Bc3 Bb7 33. Bf3 Nd8 34. Bg4 Nf7 35. e5 fxe5 36. fxe5 dxe5 37. Bxe5 Nxe5 38. Rxe5 Rf7 39. c5 Raf8 40. cxb6 cxb6 41. h3 Rf2 42. Re2 R2f6 43. Re7 Bc6 44. Rc1 Bd5 45. Rd7 Bc6 46. Re7 Ba8 47. Rce1 Bc6 48. Rc1 Bb5 49. Bf3 R8f7 50. Rc8+ Kh7 51. Rxf7 Rxf7 52. Rb8 Rf6 53. Kf2 Bd3 54. Ke3 Bf5 55. Kd4 Bxh3 56. Be4+ Bf5 57. Bxf5+ Rxf5 58. Rxb6 Rg5 59. b4 axb4 60. axb4 Rxg2 61. b5 h5 62. Re6 Rb2 63. Re5 h4 64. Kc3 Rb1 65. Kc2 Rb4 66. Kc3 Rf4 67. b6 Rf6 68. Rb5 Rf8 69. Rh5+ Kg6 70. Rxh4 Rb8 71. Rb4 Kf5 1/2-1/2

[Event "Bonn - Niederkassel"]
[Site "?"]
[Date "2023.11.12"]
[Round "3.1"]
[White "Grimm, Sascha"]
[Black "Sharma, Vibhor"]
[Result "1/2-1/2"]
[WhiteElo "2306"]
[BlackElo "1886"]
[PlyCount "78"]
[EventDate "2023.??.??"]
[SourceVersionDate "2020.03.16"]

1. c4 c5 2. g3 g6 3. Bg2 Bg7 4. Nc3 Nc6 5. Nf3 Nf6 6. d4 cxd4 7. Nxd4 O-O 8. O-O Qb6 9. Nb3 d6 10. Nb5 Be6 11. Be3 Qd8 12. N5d4 Bxc4 13. Nxc6 bxc6 14. Bxc6 Rc8 15. Bf3 Qd7 16. Qd2 Ng4 17. Bd4 Ne5 18. Bg2 Qb5 19. Rfe1 Rc7 20. Na5 Rfc8 21. a4 Qd7 22. b4 Be6 23. b5 Rc2 24. Qd1 Qd8 25. Nc6 Nxc6 26. Bxc6 Rc4 27. Bxg7 Kxg7 28. Rc1 d5 29. Rxc4 dxc4 30. Qa1+ f6 31. Rd1 Qc7 32. Qd4 Qa5 33. h4 Bf7 34. Qc5 Rc7 35. Qd4 Rc8 36. Qc5 Rc7 37. Qd4 Rc8 38. Qe3 Rc7 39. Qd4 Rc8 1/2-1/2

[Event "Bonn - Niederkassel"]
[Site "?"]
[Date "2023.11.12"]
[Round "3.2"]
[White "Mueller, Adrian"]
[Black "Bussard, Christian"]
[Result "0-1"]
[WhiteElo "2010"]
[BlackElo "2224"]
[PlyCount "152"]
[EventDate "2023.??.??"]
[SourceVersionDate "2020.03.16"]

1. Nf3 Nf6 2. c4 g6 3. Nc3 Bg7 4. g3 O-O 5. Bg2 d6 6. O-O e5 7. d3 c6 8. c5 Na6 9. cxd6 Qxd6 10. Nd2 Qe7 11. Rb1 Be6 12. a3 Nd5 13. Qc2 h6 14. b4 Nxc3 15. Qxc3 Qd7 16. Bb2 Bh3 17. Rfd1 Bxg2 18. Kxg2 Nc7 19. Nf3 Rae8 20. Qc5 Ne6 21. Qxa7 Nd4 22. Bxd4 exd4 23. Rd2 Ra8 24. Qc5 Rxa3 25. b5 Rc3 26. bxc6 bxc6 27. Qb6 Re8 28. Ra2 Qd5 29. Ra5 c5 30. Qb7 Qe6 31. Ra6 Qf5 32. Ra8 Rxa8 33. Qxa8+ Kh7 34. Qe8 Qe6 35. Qxe6 fxe6 36. Rb6 e5 37. Nh4 Rc2 38. Kf3 g5 39. Nf5 Bf8 40. Rb8 Kg8 41. Nxh6+ Kg7 42. Ng4 e4+ 43. Kxe4 Rxe2+ 44. Kf5 Be7 45. Rb7 Kf8 46. Rb8+ Kg7 47. f3 c4 48. dxc4 d3 49. Rb7 d2 50. Rd7 Kf8 51. Nf6 g4 52. Nxg4 Bb4 53. Kf4 Re1 54. Nf6 Re6 55. Rxd2 Bxd2+ 56. Kf5 Ke7 57. Ne4 Bb4 58. h4 Rc6 59. g4 Rxc4 60. h5 Rc8 61. Kg6 Rg8+ 62. Kh7 Kf8 63. g5 Ba3 64. h6 Kf7 65. f4 Be7 66. Ng3 Bd6 67. Nh5 Rg6 68. Kh8 Ba3 69. Kh7 Bc1 70. Kh8 Bb2+ 71. Kh7 Rg8 72. g6+ Rxg6 73. f5 Ra6 74. Nf4 Bc1 75. Ng6 Kf6 76. Kg8 Bxh6 0-1

[Event "Bonn - Niederkassel"]
[Site "?"]
[Date "2023.11.12"]
[Round "3.3"]
[White "Stanetzek, Carsten"]
[Black "Horstmann, Olaf"]
[Result "1/2-1/2"]
[WhiteElo "2166"]
[BlackElo "2101"]
[PlyCount "54"]
[EventDate "2023.??.??"]
[SourceVersionDate "2020.03.16"]

1. e4 e6 2. d4 d5 3. exd5 exd5 4. Nf3 Bd6 5. c4 c6 6. c5 Bc7 7. Bd3 Nf6 8. O-O O-O 9. Qc2 Re8 10. Bg5 h6 11. Bh4 Bg4 12. Nbd2 Nbd7 13. b4 g5 14. Bg3 Bxg3 15. hxg3 Qc7 16. Rfe1 Rxe1+ 17. Rxe1 Re8 18. Nf1 Bxf3 19. Rxe8+ Nxe8 20. gxf3 Ng7 21. Ne3 Nf8 22. Qe2 Nfe6 23. Bb1 Nxd4 24. Qd1 Nge6 25. Kg2 f6 26. Ng4 Qg7 27. Qh1 Kf8 1/2-1/2

[Event "Bonn - Niederkassel"]
[Site "?"]
[Date "2023.11.12"]
[Round "3.4"]
[White "Limp, Roland"]
[Black "Kneutgen, Alexander"]
[Result "1/2-1/2"]
[WhiteElo "1998"]
[BlackElo "2054"]
[PlyCount "82"]
[EventDate "2023.??.??"]
[SourceVersionDate "2020.03.16"]

1. c4 e5 2. Nc3 Nc6 3. g3 g6 4. Bg2 Bg7 5. d3 d6 6. e3 f5 7. Nge2 Nf6 8. O-O O-O 9. Rb1 a5 10. Nd5 Be6 11. a3 e4 12. dxe4 Nxe4 13. Qc2 Ne5 14. Nd4 Bf7 15. Rd1 c6 16. Nf4 Qd7 17. b3 g5 18. Nfe2 Bg6 19. f3 Nc5 20. f4 Ng4 21. b4 axb4 22. axb4 Ne4 23. h3 Ngf6 24. Bb2 Rae8 25. Nf3 Qe7 26. Re1 g4 27. Nh4 gxh3 28. Bxh3 Ng4 29. Bxg4 fxg4 30. Nxg6 hxg6 31. Kg2 Bxb2 32. Rxb2 Rf5 33. Rh1 Rh5 34. Rbb1 Kf7 35. f5 Rh3 36. fxg6+ Kg8 37. Rbf1 Ng5 38. Nf4 Qxe3 39. Nxh3 gxh3+ 40. Rxh3 Nxh3 41. Kxh3 Re5 1/2-1/2

[Event "Bonn - Niederkassel"]
[Site "?"]
[Date "2023.11.12"]
[Round "3.5"]
[White "Kroener, Alexander"]
[Black "Wahl, Felix"]
[Result "0-1"]
[WhiteElo "1952"]
[BlackElo "2083"]
[PlyCount "56"]
[EventDate "2023.??.??"]
[SourceVersionDate "2020.03.16"]

1. e4 e5 2. Nf3 Nc6 3. Bc4 Nf6 4. d4 exd4 5. O-O Nxe4 6. Re1 d5 7. Bxd5 Qxd5 8. Nc3 Qa5 9. Nxe4 Be6 10. Bd2 Bb4 11. c3 dxc3 12. bxc3 Be7 13. c4 Qa6 14. Bc3 O-O 15. c5 Rfe8 16. Nfg5 Bf5 17. Qb3 Bg6 18. Qb2 Bf8 19. Ng3 Rad8 20. h4 h6 21. h5 Bd3 22. Nf3 Qb5 23. Rxe8 Rxe8 24. Qd2 Bxc5 25. Qf4 Qc4 26. Qd2 Bd6 27. Rd1 Bxg3 28. fxg3 Qc5+ 0-1

[Event "Bonn - Niederkassel"]
[Site "?"]
[Date "2023.11.12"]
[Round "3.6"]
[White "Nasirov, Ruslan"]
[Black "Konzen, Horst"]
[Result "1-0"]
[WhiteElo "2002"]
[BlackElo "2012"]
[PlyCount "71"]
[EventDate "2023.??.??"]
[SourceVersionDate "2020.03.16"]

1. e4 c5 2. Nc3 Nc6 3. Bb5 a6 4. Bxc6 bxc6 5. d3 d6 6. f4 g6 7. Nf3 Bg7 8. O-O e6 9. Qe1 Ne7 10. Qh4 O-O 11. Bd2 Rb8 12. b3 Rb7 13. Rae1 f6 14. Kh1 Ra7 15. g4 f5 16. gxf5 gxf5 17. Rg1 Kh8 18. Na4 Ng8 19. Qxd8 Rxd8 20. e5 d5 21. Nxc5 Bf8 22. Na4 c5 23. Ba5 Re8 24. Bb6 Rg7 25. Bxc5 Bxc5 26. Rxg7 Kxg7 27. Nxc5 Ne7 28. Nd4 Ng6 29. Rf1 Kf7 30. b4 Rg8 31. a4 Ke7 32. b5 axb5 33. axb5 Bd7 34. b6 Rb8 35. b7 Nf8 36. Rb1 1-0

[Event "Bonn - Niederkassel"]
[Site "?"]
[Date "2023.11.12"]
[Round "3.8"]
[White "Cremer, Jonas"]
[Black "Neu, Martin"]
[Result "0-1"]
[WhiteElo "1860"]
[BlackElo "1730"]
[PlyCount "56"]
[EventDate "2023.??.??"]
[SourceVersionDate "2020.03.16"]

1. e4 c5 2. Nf3 e6 3. d4 cxd4 4. Nxd4 Nc6 5. Nc3 a6 6. Nxc6 bxc6 7. Bd3 d5 8. O-O Bc5 9. Qg4 Nf6 10. Qxg7 Rg8 11. Qh6 Rg6 12. Qd2 Ng4 13. e5 Rg8 14. Qe2 Qh4 15. Bf4 Nxf2 16. Rxf2 Qxf4 17. Raf1 Rg5 18. g3 Qxe5 19. Qf3 Bxf2+ 20. Rxf2 f5 21. Kg2 Rb8 22. Re2 Qd6 23. h4 Rg7 24. Bxf5 Rb4 25. h5 Rf4 26. Qd3 Rxf5 27. Qxf5 Qxg3+ 28. Kf1 Qg1# 0-1

[Event "Wattenscheid 2 -  Porz 4"]
[Site "?"]
[Date "2023.11.12"]
[Round "3.1"]
[White "Gallinnis, Norbert"]
[Black "Schroeder, Wilfried"]
[Result "1/2-1/2"]
[WhiteElo "2133"]
[BlackElo "2134"]
[PlyCount "124"]
[EventDate "2023.??.??"]
[SourceVersionDate "2020.03.16"]

1. b3 c5 2. d4 cxd4 3. Qxd4 Nf6 4. Bb2 d5 5. Nf3 g6 6. Nbd2 Bg7 7. e4 Nc6 8. Bb5 Bd7 9. Bxc6 Bxc6 10. e5 Ne4 11. O-O-O Qb6 12. Nxe4 dxe4 13. Ng1 Qxd4 14. Bxd4 O-O-O 15. Ne2 h5 16. h4 b6 17. c4 Rhf8 18. Kc2 Bh6 19. Bc3 Rxd1 20. Rxd1 Rd8 21. Re1 e3 22. f3 Bd7 23. Bd4 Bf5+ 24. Kc3 Kb7 25. Ng3 Bf4 26. Nf1 f6 27. exf6 exf6 28. g3 Bc7 29. f4 Re8 30. Nxe3 Bd8 31. Kd2 Bd7 32. b4 g5 33. hxg5 fxg5 34. f5 Bc7 35. Rg1 h4 36. gxh4 gxh4 37. Rg7 Kc8 38. Rh7 Bf4 39. f6 h3 40. Rh4 h2 41. Kd3 Bc6 42. Nd5 Bd6 43. Be3 Rg8 44. Rxh2 Bxd5 45. Rh7 Be6 46. Rxa7 Rf8 47. Bxb6 Bxb4 48. Bd4 Rf7 49. Ra6 Bf5+ 50. Ke3 Bg6 51. Ra8+ Kb7 52. Rg8 Bf5 53. Rg5 Bd7 54. Ke4 Bd6 55. Kd5 Bf8 56. Ke4 Bd6 57. Ra5 Be6 58. Ra7+ Kc6 59. Ra6+ Kd7 60. Ra4 Kc6 61. Be5 Bc5 62. Kf4 Ra7 1/2-1/2

[Event "Wattenscheid 2 - Porz 4"]
[Site "?"]
[Date "2023.11.12"]
[Round "3.2"]
[White "Peter, Thomas"]
[Black "Thalwitzer, David"]
[Result "1-0"]
[WhiteElo "2194"]
[BlackElo "2118"]
[PlyCount "55"]
[EventDate "2023.??.??"]
[SourceVersionDate "2020.03.16"]

1. e4 c5 2. Nf3 d6 3. Bb5+ Bd7 4. Bxd7+ Qxd7 5. O-O Nc6 6. c3 d5 7. exd5 Qxd5 8. d4 e6 9. Qe2 Nf6 10. c4 Nxd4 11. Nxd4 Qxd4 12. Nc3 a6 13. Qf3 Rb8 14. Bf4 Rd8 15. Rad1 Qxc4 16. Rxd8+ Kxd8 17. Bg5 Kc8 18. Bxf6 gxf6 19. Qxf6 Rg8 20. Rd1 Kb8 21. h3 e5 22. Rd8+ Ka7 23. Qxe5 Qe6 24. Qb8+ Kb6 25. Rxf8 Rg6 26. Qd8+ Ka7 27. Re8 Qc6 28. Nd5 1-0

[Event "Wattenscheid 2 - Porz 4"]
[Site "?"]
[Date "2023.11.12"]
[Round "3.3"]
[White "Wagenknecht, Uwe"]
[Black "Gohla, Ulf"]
[Result "0-1"]
[WhiteElo "2128"]
[BlackElo "2107"]
[PlyCount "42"]
[EventDate "2023.??.??"]
[SourceVersionDate "2020.03.16"]

1. Nf3 d5 2. b3 Nf6 3. Bb2 g6 4. c4 c6 5. g3 Bg7 6. Bg2 O-O 7. O-O Re8 8. d4 Ne4 9. Nbd2 Bf5 10. Nh4 Nxd2 11. Qxd2 Be6 12. e4 dxc4 13. d5 Bxb2 14. Qxb2 cxd5 15. exd5 Bxd5 16. Rfd1 c3 17. Qxc3 e6 18. Bxd5 exd5 19. Qb4 Qd7 20. Qc5 Na6 21. Qxd5 Re1+ 0-1

[Event "Wattenscheid 2 - Porz 4"]
[Site "?"]
[Date "2023.11.12"]
[Round "3.4"]
[White "Schlange, Stefan"]
[Black "Evers, Leo"]
[Result "0-1"]
[WhiteElo "2170"]
[BlackElo "2061"]
[PlyCount "96"]
[EventDate "2023.??.??"]
[SourceVersionDate "2020.03.16"]

1. e4 Nf6 2. d3 c5 3. Nc3 Nc6 4. g3 g6 5. Bg2 Bg7 6. Be3 d6 7. h3 O-O 8. Qd2 Rb8 9. Bh6 b5 10. Bxg7 Kxg7 11. f4 e5 12. Nge2 Nd4 13. O-O b4 14. Nd1 Nxe2+ 15. Qxe2 Nh5 16. Kh2 exf4 17. gxf4 Qh4 18. Qf2 Qxf2 19. Rxf2 f5 20. e5 dxe5 21. fxe5 Re8 22. Re2 Bb7 23. Bxb7 Rxb7 24. Nf2 Nf4 25. Re3 Nd5 26. Re2 Nf4 27. Re3 Rbe7 28. Rae1 Nd5 29. R3e2 Nf4 30. Re3 g5 31. Nd1 h6 32. Nf2 Ng6 33. e6 Nf4 34. d4 cxd4 35. Rb3 Rxe6 36. Rxe6 Rxe6 37. Rxb4 Re2 38. Kg1 Rxc2 39. Rb7+ Kg6 40. Rxa7 Rxb2 41. Ra3 d3 42. Nxd3 Nxd3 43. Rxd3 Rxa2 44. Rd6+ Kh5 45. Rf6 f4 46. Kh1 Kh4 47. Rxh6+ Kg3 48. Rg6 Ra1# 0-1

[Event "Wattenscheid 2 - Porz 4"]
[Site "?"]
[Date "2023.11.12"]
[Round "3.5"]
[White "Slowik, Martin"]
[Black "Schmedders, Hans-Gerd"]
[Result "1/2-1/2"]
[WhiteElo "1957"]
[BlackElo "2165"]
[PlyCount "89"]
[EventDate "2023.??.??"]
[SourceVersionDate "2020.03.16"]

1. d4 d5 2. Nc3 c6 3. Bf4 Bf5 4. e3 e6 5. Nf3 Bd6 6. Ne5 Qc7 7. Bd3 Nd7 8. Nxd7 Bxf4 9. exf4 Kxd7 10. g3 Nf6 11. f3 h5 12. h4 Rad8 13. Qd2 Kc8 14. O-O-O Kb8 15. Na4 b6 16. Qb4 g6 17. Kb1 Ka8 18. Rhe1 Rhe8 19. Re3 Nd7 20. Be2 c5 21. Qb3 Rc8 22. Rc3 c4 23. Qb4 Rb8 24. Ra3 a5 25. Nc3 Rb7 26. g4 Kb8 27. Qb5 hxg4 28. fxg4 Be4 29. Nxe4 dxe4 30. d5 exd5 31. Qxd5 Qxf4 32. Bxc4 Nc5 33. Bb5 Rc8 34. Qd6+ Qxd6 35. Rxd6 Rh8 36. Rh3 f5 37. gxf5 gxf5 38. Rf6 Rbh7 39. Rxf5 Rxh4 40. Rxh4 Rxh4 41. b3 Rh7 42. Re5 Kc7 43. Kc1 Kd6 44. Re8 Rh5 45. Kd2 1/2-1/2

[Event "Wattenscheid 2 - Porz 4"]
[Site "?"]
[Date "2023.11.12"]
[Round "3.6"]
[White "Buchenthal, Dieter"]
[Black "Thiemonds, Uli"]
[Result "1/2-1/2"]
[WhiteElo "2157"]
[BlackElo "2064"]
[PlyCount "48"]
[EventDate "2023.??.??"]
[SourceVersionDate "2020.03.16"]

1. c4 e6 2. b3 f5 3. Nh3 Nf6 4. e3 d5 5. Be2 Bd6 6. Ba3 Bxa3 7. Nxa3 O-O 8. O-O e5 9. d4 exd4 10. Qxd4 Qe7 11. Qb2 Be6 12. Nf4 c6 13. Nc2 Bf7 14. Nd4 g6 15. Rac1 Nbd7 16. Nf3 dxc4 17. Bxc4 Bxc4 18. Rxc4 c5 19. Rd1 Rad8 20. Rcc1 Nb6 21. Qa3 a6 22. h3 Ne4 23. Qa5 Rxd1+ 24. Rxd1 Rd8 1/2-1/2

[Event "Wattenscheid 2 - Porz 4"]
[Site "?"]
[Date "2023.11.12"]
[Round "3.8"]
[White "Klueting, Reiner"]
[Black "Hackbusch, Thomas"]
[Result "1/2-1/2"]
[WhiteElo "1923"]
[BlackElo "1685"]
[PlyCount "100"]
[EventDate "2023.??.??"]
[SourceVersionDate "2020.03.16"]

1. e4 d6 2. d4 Nf6 3. Nc3 g6 4. Bg5 Bg7 5. e5 dxe5 6. dxe5 Qxd1+ 7. Rxd1 Nfd7 8. Nd5 Bxe5 9. Nf3 Bd6 10. Bxe7 Bxe7 11. Nxc7+ Kd8 12. Nxa8 Bf6 13. Bc4 Re8+ 14. Kf1 Re7 15. h4 h6 16. c3 Nc6 17. Bd5 Nce5 18. Rh3 b6 19. Nxe5 Bxe5 20. Re3 f5 21. g3 g5 22. hxg5 hxg5 23. f4 gxf4 24. gxf4 Ba6+ 25. c4 Bxf4 26. Rf3 Bh6 27. Rxf5 Kc8 28. Rf7 Rxf7+ 29. Bxf7 Ne5 30. Be6+ Kb7 31. Bd5+ Kb8 32. b3 Bg5 33. Kg2 Bb7 34. Bxb7 Kxb7 35. Rd5 Bf6 36. Rd6 Be7 37. Re6 Nc6 38. Kh3 a6 39. Kg4 a5 40. Kh5 Bc5 41. Kg6 Nb8 42. Nxb6 Bxb6 43. Kf5 Bc5 44. Rh6 Nc6 45. Ke4 Ba3 46. Rh7+ Kb6 47. Rh6 Kc5 48. Rh5+ Kb6 49. Rb5+ Ka6 50. Rh5 Kb6 1/2-1/2

[Event "Ennepe-Ruhr- Solingen 4"]
[Site "Schwelm"]
[Date "2023.11.12"]
[Round "3.1"]
[White "Fichtner, Ewald"]
[Black "Arndt, Stefan"]
[Result "1-0"]
[WhiteElo "2051"]
[BlackElo "2132"]
[PlyCount "159"]
[EventDate "2023.??.??"]
[SourceVersionDate "2020.03.16"]

1. d4 d5 2. Nf3 Nf6 3. c3 e6 4. Bf4 Bd6 5. e3 O-O 6. Nbd2 b6 7. h4 c5 8. h5 cxd4 9. Bxd6 Qxd6 10. exd4 Nc6 11. Bb5 Nd7 12. h6 g6 13. Qe2 f6 14. O-O Bb7 15. c4 Nd8 16. Rfe1 Rc8 17. Rac1 Nb8 18. Qe3 a6 19. Ba4 dxc4 20. Rxc4 Rxc4 21. Nxc4 Qc7 22. Bb3 Bd5 23. Ncd2 Qb7 24. Rc1 Bxb3 25. Nxb3 Nbc6 26. Qf4 Qe7 27. Qe4 Qd7 28. Qd3 Nb4 29. Qc4 Nd5 30. Qxa6 Nf7 31. a4 Nxh6 32. a5 bxa5 33. Nc5 Qc8 34. Qxa5 Nf5 35. Re1 Nf4 36. Qb6 Re8 37. g3 Nd5 38. Qb5 Qb8 39. Qa4 Ng7 40. b3 Qb4 41. Qc6 Qb6 42. Rxe6 Rxe6 43. Qxd5 Qc6 44. Qc4 Qxf3 45. Nxe6 Nxe6 46. Qxe6+ Kg7 47. Qe7+ Kg8 48. Qd8+ Kg7 49. b4 h5 50. b5 h4 51. Qe7+ Kg8 52. Qe3 Qd1+ 53. Kh2 hxg3+ 54. fxg3 Qh5+ 55. Kg2 Qxb5 56. Qe6+ Kg7 57. Qe7+ Kh6 58. Qxf6 Qd5+ 59. Kh2 Qa2+ 60. Kh3 Qa1 61. Qh8+ Kg5 62. Qe5+ Kh6 63. Qh8+ Kg5 64. Qh4+ Kf5 65. Qf4+ Ke6 66. Qe4+ Kf6 67. Kg4 Kg7 68. Kg5 Qc1+ 69. Qf4 Qc6 70. Qe5+ Kh7 71. d5 Qc1+ 72. Qf4 Qd1 73. Qf7+ Kh8 74. Qf8+ Kh7 75. Qh6+ Kg8 76. Qxg6+ Kf8 77. Qf6+ Kg8 78. d6 Qd5+ 79. Kh6 Qh1+ 80. Qh4 1-0

[Event "Ennepe-Ruhr - Solingen 4"]
[Site "Schwelm"]
[Date "2023.11.12"]
[Round "3.2"]
[White "Tripolsky, Eugen"]
[Black "Boos, Markus"]
[Result "1/2-1/2"]
[WhiteElo "2282"]
[BlackElo "2122"]
[PlyCount "26"]
[EventDate "2023.??.??"]
[SourceVersionDate "2020.03.16"]

1. d4 Nf6 2. Nc3 d5 3. Bg5 Nbd7 4. f3 h6 5. Bh4 c5 6. dxc5 Qa5 7. e4 dxe4 8. Qd2 e3 9. Qxe3 Nd5 10. Qd2 Nxc3 11. Qxc3 Qxc3+ 12. bxc3 Nxc5 13. O-O-O Bd7 1/2-1/2

[Event "Ennepe-Ruhr - Solingen 4"]
[Site "Schwelm"]
[Date "2023.11.12"]
[Round "3.4"]
[White "Arakelian, Aik"]
[Black "Waagener, Ulrich"]
[Result "1/2-1/2"]
[WhiteElo "2050"]
[BlackElo "2104"]
[PlyCount "59"]
[EventDate "2023.??.??"]
[SourceVersionDate "2020.03.16"]

1. e4 c5 2. Nf3 a6 3. d4 cxd4 4. Nxd4 Nf6 5. Nc3 e5 6. Nf3 Bb4 7. Bd2 Nc6 8. Bc4 O-O 9. Nd5 Bxd2+ 10. Nxd2 b5 11. Nxf6+ Qxf6 12. Bd5 Rb8 13. Nf1 Ne7 14. Ne3 d6 15. O-O Qg5 16. Bb3 Rd8 17. Nd5 Nxd5 18. Bxd5 Be6 19. c3 Qe7 20. Qb3 Bxd5 21. Qxd5 Qb7 22. Rad1 Qxd5 23. Rxd5 Kf8 24. Rfd1 Ke7 25. a3 Rb6 26. R1d3 Rc8 27. f3 Rf8 28. g4 g5 29. Kf2 Rh8 30. Ke3 1/2-1/2

[Event "Ennepe-Ruhr- Solingen 4"]
[Site "Schwelm"]
[Date "2023.11.12"]
[Round "3.5"]
[White "Kushchan, Eduard"]
[Black "Hess, Olena"]
[Result "1/2-1/2"]
[WhiteElo "2031"]
[BlackElo "2048"]
[PlyCount "46"]
[EventDate "2023.??.??"]
[SourceVersionDate "2020.03.16"]

1. d4 d6 2. e4 Nf6 3. Nc3 e5 4. Nf3 Nbd7 5. Bc4 Be7 6. O-O O-O 7. h3 c6 8. Bb3 b5 9. Qe2 Bb7 10. Rd1 Qc7 11. d5 b4 12. dxc6 Bxc6 13. Nd5 Nxd5 14. exd5 Bb7 15. Bd2 a5 16. c4 Nc5 17. Bc2 h6 18. Ne1 f5 19. Qh5 e4 20. Bxh6 gxh6 21. Qg6+ Kh8 22. Qxh6+ Kg8 23. Qg6+ Kh8 1/2-1/2

[Event "Ennepe-Ruhr - Solingen 4"]
[Site "Schwelm"]
[Date "2023.11.12"]
[Round "3.6"]
[White "Bruchmann, Norbert"]
[Black "Koshel, Stanislav"]
[Result "1-0"]
[WhiteElo "2025"]
[BlackElo "1830"]
[PlyCount "111"]
[EventDate "2023.??.??"]
[SourceVersionDate "2020.03.16"]

1. e4 e5 2. f4 exf4 3. Nf3 Nf6 4. Nc3 d5 5. exd5 Nxd5 6. Nxd5 Qxd5 7. d4 Bd6 8. c4 Bb4+ 9. Kf2 Qa5 10. Bxf4 Bd6 11. Bxd6 cxd6 12. Qe2+ Kd8 13. Re1 Qc7 14. Qe3 h6 15. Qf4 Re8 16. Bd3 Nc6 17. Rxe8+ Kxe8 18. Qe4+ Qe7 19. Qh7 Qf8 20. Re1+ Kd8 21. Qe4 a5 22. a3 Kc7 23. d5 Na7 24. Qe7+ Bd7 25. Bf5 Rd8 26. Qxf8 Rxf8 27. Re7 Rd8 28. Rxf7 Kc8 29. Nd4 Bxf5 30. Nxf5 Rd7 31. Rxg7 Rxg7 32. Nxg7 Kd7 33. g4 Nc8 34. Ke3 Ne7 35. Nf5 Nxf5+ 36. gxf5 Ke7 37. b4 axb4 38. axb4 b6 39. Kd4 Kf6 40. c5 bxc5+ 41. bxc5 dxc5+ 42. Kxc5 Kxf5 43. d6 Ke6 44. Kc6 Ke5 45. d7 h5 46. d8=Q h4 47. Qg5+ Ke4 48. Kc5 h3 49. Kc4 Kf3 50. Kd3 Kf2 51. Qg3+ Kf1 52. Qxh3+ Kf2 53. Qg3+ Kf1 54. Ke4 Ke2 55. Qg2+ Kd1 56. Kd3 1-0

[Event "Ennepe-Ruhr - Solingen 4"]
[Site "Schwelm"]
[Date "2023.11.12"]
[Round "3.7"]
[White "Erkay, Ali-Necip"]
[Black "Nasoyan, Maksim"]
[Result "0-1"]
[WhiteElo "1898"]
[BlackElo "1867"]
[PlyCount "76"]
[EventDate "2023.??.??"]
[SourceVersionDate "2020.03.16"]

1. d4 Nf6 2. c4 c5 3. d5 b5 4. cxb5 a6 5. Nc3 axb5 6. e4 b4 7. Nb5 d6 8. Bf4 Nbd7 9. Nf3 g6 10. e5 dxe5 11. Nxe5 Nxe5 12. Bxe5 Bg7 13. Nc7+ Kf8 14. Nxa8 Qa5 15. Nc7 Ne4 16. Bxg7+ Kxg7 17. Bd3 Nd6 18. O-O Qxc7 19. Qe2 c4 20. Be4 Ba6 21. Rfc1 c3 22. Qc2 Qc4 23. Bf3 Rc8 24. bxc3 bxc3 25. a4 Nf5 26. Ra3 Nd4 27. Qxc3 Qb4 28. Qa1 Rxc1+ 29. Qxc1 Nb3 30. Qb2+ Kg8 31. h3 Qe1+ 32. Kh2 Nd2 33. Kg3 h5 34. Qd4 Qc1 35. Rc3 Nf1+ 36. Kh4 Qh6 37. Qe5 f6 38. Qe6+ Kh8 0-1